000 00454nam a2200193Ia 4500
005 20250603144914.0
008 250603s9999 xx 000 0 und d
020 _a9780135041086
050 _aHD 30 .28 .H867/
100 _aHunger, J .David
245 0 _aEssential of strategic management
250 _a4th ed.
260 _aLondon
260 _bPearson Prentice Hall
260 _c2009
300 _a192 p
650 _aLondon
942 _cBK
999 _c40298
_d40298